[Event "CHAMPIONNAT DE BORDEAUX  2013"]
[Site "BORDEAUX"]
[Date "2013.05.08"]
[Round "2.4"]
[White "Roche, Philippe"]
[Black "Quillien, Emmanuel"]
[Result "0-1"]
[WhiteElo "1760"]
[BlackElo "2161"]
[PlyCount "124"]

1. e4 e5 2. Nf3 d6 3. Bc4 Be7 4. O-O Nf6 5. Nc3 O-O 6. d4 exd4 7. Nxd4 Re8 8.
Re1 Bf8 9. Bg5 Nbd7 10. Qd2 h6 11. Bh4 Ne5 12. Be2 Ng6 13. Bxf6 Qxf6 14. Rad1
c6 15. b4 Bd7 16. a4 a6 17. Bf3 Rad8 18. b5 axb5 19. axb5 Ne5 20. bxc6 Nxf3+
21. Nxf3 bxc6 22. Qd4 Qxd4 23. Rxd4 Be6 24. Red1 Ra8 25. h3 Reb8 26. Ne2 Rb2
27. R4d2 Raa2 28. c3 Be7 29. Rxb2 Rxb2 30. Rd2 Rb1+ 31. Kh2 Kf8 32. Nfd4 Bd7
33. Ng3 g6 34. f4 Bf6 35. f5 Ke7 36. fxg6 fxg6 37. Nge2 Be5+ 38. g3 Ra1 39. Nf4
Be8 40. Nd3 c5 41. Ne2 Bc6 42. Nf2 Ra3 43. c4 Re3 44. Ng4 Rxe4 45. Nxh6 Rxc4
46. Ng4 Ke6 47. Nxe5 Kxe5 48. Nf4 Be4 49. Re2 Kf5 50. Rf2 Ke5 51. h4 Rc1 52.
Kh3 Bf5+ 53. g4 Be4 54. Kg3 Rg1+ 55. Ng2 Rxg2+ 56. Rxg2 Bxg2 57. Kxg2 c4 58.
Kf3 d5 59. h5 gxh5 60. gxh5 Kf5 61. h6 Kg6 62. h7 Kxh7 0-1

[Event "CHAMPIONNAT DE BORDEAUX  2013"]
[Site "BORDEAUX"]
[Date "2013.05.08"]
[Round "2.3"]
[White "Lacroix, Romain"]
[Black "Boutant, Jade"]
[Result "1-0"]
[WhiteElo "2162"]
[BlackElo "1730"]
[PlyCount "119"]

1. e4 c5 2. Nf3 Nf6 3. Nc3 d6 4. d4 cxd4 5. Nxd4 g6 6. Be3 Bg7 7. f3 Nc6 8. Bc4
O-O 9. Qd2 Nxd4 10. Bxd4 Be6 11. Bb3 Qa5 12. O-O a6 13. Rfd1 Rac8 14. Nd5 Qd8
15. Nxf6+ exf6 16. Bf2 Rc6 17. c3 Qe7 18. Bd5 Bxd5 19. Qxd5 Qe6 20. a4 Rd8 21.
a5 Rd7 22. Ra4 Kf8 23. Rb4 Qxd5 24. exd5 Rc8 25. Rdd4 f5 26. Rdc4 Rdc7 27. Rxc7
Rxc7 28. Bb6 Rd7 29. Rc4 Bf6 30. Kf2 Be5 31. h3 Kg7 32. Ke3 g5 33. Kd3 Bf4 34.
b4 Re7 35. Rc7 Rxc7 36. Bxc7 Kf6 37. c4 Ke5 38. Bb6 Kf6 39. Bd4+ Ke7 40. Be3
Be5 41. Bxg5+ Kd7 42. Be3 Bb2 43. c5 Bf6 44. Bd4 Bd8 45. Kc4 Bc7 46. Be3 dxc5
47. Bxc5 Bf4 48. Kd3 Be5 49. g4 fxg4 50. fxg4 Bc7 51. Ke4 Bd8 52. Kf5 Ke8 53.
g5 Kd7 54. h4 Kc8 55. d6 Kd7 56. Ke5 Kc6 57. Bb6 Bxb6 58. axb6 Kd7 59. h5 Kc8
60. Kf6 1-0

[Event "CHAMPIONNAT DE BORDEAUX  2013"]
[Site "BORDEAUX"]
[Date "2013.05.09"]
[Round "3.5"]
[White "Lagunes, Jean-Renaud"]
[Black "Goulesque, Camille"]
[Result "0-1"]
[WhiteElo "2009"]
[BlackElo "1871"]
[PlyCount "112"]

1. e4 c5 2. Nf3 d6 3. Bb5+ Bd7 4. Bxd7+ Qxd7 5. c4 Nc6 6. d4 cxd4 7. Nxd4 g6 8.
Nc3 Bg7 9. Be3 Nf6 10. f3 O-O 11. Qd2 Rfc8 12. b3 e6 13. Nxc6 bxc6 14. Rd1 d5
15. c5 Qb7 16. Bd4 Nd7 17. Bxg7 Kxg7 18. O-O Qb4 19. Na4 Rab8 20. Rfe1 Qxd2 21.
Rxd2 Rb5 22. Rc2 Rd8 23. exd5 exd5 24. Kf2 Kf6 25. f4 Kg7 26. Re7 Kf8 27. Rce2
Nxc5 28. Rxa7 Re8 29. Rc2 Nd3+ 30. Kg3 Nb4 31. Rd2 Re3+ 32. Kf2 Rd3 33. Re2 Rd4
34. g3 Re4 35. Rd2 d4 36. Nb2 c5 37. Nc4 Re6 38. Rc7 Nd5 39. Rc8+ Ke7 40. Ne5
f6 41. Nd3 Kd6 42. Rd8+ Kc6 43. Rc2 Nc3 44. Rc8+ Kd6 45. Ra8 Re3 46. Ra6+ Kd5
47. Nb2 Ne4+ 48. Kg2 f5 49. Nc4 Rc3 50. Rb2 Rb7 51. Nb6+ Rxb6 52. Rxb6 d3 53.
Kf3 Rc2 54. Rb1 d2 55. Rb8 Rc1 56. Rd8+ Nd6 0-1

[Event "CHAMPIONNAT DE BORDEAUX  2013"]
[Site "BORDEAUX"]
[Date "2013.05.09"]
[Round "3.4"]
[White "Quillien, Emmanuel"]
[Black "Mitjaville, Laurent"]
[Result "1-0"]
[WhiteElo "2161"]
[BlackElo "2014"]
[PlyCount "29"]

1. d4 Nf6 2. Bf4 d6 3. e3 c6 4. h3 Nd5 5. Bh2 Qb6 6. Qc1 Bf5 7. c3 Nd7 8. Nf3
f6 9. Nbd2 Bg6 10. e4 e5 11. exd5 cxd5 12. a4 a5 13. Bb5 Rc8 14. Qd1 Kd8 15.
Qb3 1-0

[Event "CHAMPIONNAT DE BORDEAUX  2013"]
[Site "BORDEAUX"]
[Date "2013.05.09"]
[Round "3.3"]
[White "Jacquot, David"]
[Black "Lacroix, Romain"]
[Result "1/2-1/2"]
[WhiteElo "1871"]
[BlackElo "2162"]
[PlyCount "45"]

1. d4 Nf6 2. Bg5 d5 3. Nf3 e6 4. Nbd2 Be7 5. e3 O-O 6. Bd3 Nbd7 7. c3 c5 8. O-O
h6 9. Bh4 b6 10. Ne5 Nxe5 11. dxe5 Nd7 12. Bxe7 Qxe7 13. f4 Bb7 14. Qh5 f5 15.
g4 Qe8 16. Qxe8 Raxe8 17. gxf5 exf5 18. Nf3 g5 19. Rad1 Rf7 20. Kf2 Kf8 21. Bb5
Ke7 22. fxg5 Kd8 23. gxh6 1/2-1/2

[Event "CHAMPIONNAT DE BORDEAUX  2013"]
[Site "BORDEAUX"]
[Date "2013.05.09"]
[Round "3.2"]
[White "Favarel, Julien"]
[Black "Ternault, Mathieu"]
[Result "1/2-1/2"]
[WhiteElo "2300"]
[BlackElo "2161"]
[PlyCount "71"]

1. d4 d5 2. c4 c6 3. Nf3 Nf6 4. Qb3 dxc4 5. Qxc4 Bg4 6. Nc3 Nbd7 7. e4 e6 8.
Be2 Be7 9. O-O h6 10. Be3 O-O 11. h3 Bh5 12. Rad1 Qb8 13. Qb3 Rd8 14. g4 Bg6
15. Nd2 e5 16. dxe5 Nxe5 17. f4 Nd3 18. e5 Nc5 19. Qa3 Nfd7 20. Nde4 b6 21. Nd6
Nb7 22. Bf3 Na5 23. Qa4 c5 24. Nxf7 Bxf7 25. Rxd7 Be8 26. Rxd8 Qxd8 27. Qd1
Qxd1 28. Rxd1 Rd8 29. Bd5+ Kf8 30. f5 Nc4 31. f6 Bxf6 32. exf6 gxf6 33. Bxh6+
Ke7 34. b3 Ne5 35. Bg2 Bf7 36. Nb5 1/2-1/2

[Event "CHAMPIONNAT DE BORDEAUX  2013"]
[Site "BORDEAUX"]
[Date "2013.05.09"]
[Round "4.4"]
[White "Ternault, Mathieu"]
[Black "Jacquot, David"]
[Result "1-0"]
[WhiteElo "2161"]
[BlackElo "1871"]
[PlyCount "69"]

1. d4 f5 2. h3 d5 3. Bf4 Nf6 4. Nf3 e6 5. e3 Bd6 6. Bxd6 Qxd6 7. c4 O-O 8. Nc3
c6 9. Rc1 Nbd7 10. Be2 Ne4 11. Nd2 Ndf6 12. Ndxe4 Nxe4 13. Bf3 Bd7 14. Qb3 Be8
15. Bxe4 fxe4 16. cxd5 exd5 17. Nxe4 Qg6 18. Ng3 Rf7 19. Qc2 Qg5 20. h4 Qf6 21.
Nh5 Qe7 22. Qe2 Bd7 23. Nf4 Re8 24. g3 Bf5 25. a3 Qf6 26. Rc3 Rfe7 27. f3 g5
28. hxg5 Qxg5 29. Kf2 Rg7 30. g4 Bd7 31. Rh5 Qf6 32. Qd3 Rge7 33. Rc1 Rf8 34.
Rch1 Rff7 35. g5 1-0

[Event "CHAMPIONNAT DE BORDEAUX  2013"]
[Site "BORDEAUX"]
[Date "2013.05.09"]
[Round "4.3"]
[White "Lacroix, Romain"]
[Black "Vital, Thierry"]
[Result "1-0"]
[WhiteElo "2162"]
[BlackElo "1796"]
[PlyCount "101"]

1. d4 Nf6 2. Nf3 e6 3. c4 b6 4. g3 Bb7 5. Bg2 Bb4+ 6. Bd2 a5 7. O-O O-O 8. Nc3
d6 9. a3 Bxc3 10. Bxc3 Nbd7 11. b4 a4 12. Qc2 Re8 13. Rfd1 Qc8 14. Rac1 Be4 15.
Qd2 Qb7 16. Ba1 c5 17. dxc5 dxc5 18. Ne1 Bxg2 19. Nxg2 Rac8 20. Qg5 h6 21. Qh4
Red8 22. Ne3 Qe4 23. Rxd7 Rxd7 24. Bxf6 Qxh4 25. Bxh4 g5 26. Ng4 Kg7 27. Ne5
Rd2 28. Nf3 Rxe2 29. Nxg5 hxg5 30. Bxg5 cxb4 31. axb4 a3 32. Be3 Rb2 33. Bd4+
Kg6 34. Bxb2 axb2 35. Rb1 Rxc4 36. Rxb2 Kf5 37. b5 Rc5 38. h4 Ke4 39. Kg2 Kd3
40. g4 Kc3 41. Rb1 Kc2 42. Rb4 Kc3 43. Rf4 f5 44. g5 Rxb5 45. g6 Ra5 46. g7 Ra8
47. h5 Rg8 48. h6 b5 49. Kf3 Kd3 50. h7 Rxg7 51. h8=Q 1-0

[Event "CHAMPIONNAT DE BORDEAUX  2013"]
[Site "BORDEAUX"]
[Date "2013.05.09"]
[Round "4.2"]
[White "Favarel, Antoine"]
[Black "Favarel, Julien"]
[Result "0-1"]
[WhiteElo "2370"]
[BlackElo "2300"]
[PlyCount "130"]

1. c4 e6 2. g3 d5 3. Bg2 Nf6 4. Nf3 dxc4 5. O-O Nbd7 6. Qc2 Bd6 7. Na3 Nb6 8.
Nxc4 Nxc4 9. Qxc4 O-O 10. d4 a6 11. Qc2 c6 12. e4 Nd7 13. Rd1 h6 14. Rb1 Qe7
15. e5 Bb8 16. Bd2 Nb6 17. Qe4 Nd5 18. Bf1 f5 19. exf6 Qxf6 20. Kg2 e5 21. Bd3
Qxf3+ 22. Qxf3 Bh3+ 23. Kxh3 Rxf3 24. Be4 Rxf2 25. Be1 Re2 26. Bd3 Re3 27. Bf2
Nf4+ 28. Kg4 Rxd3 29. gxf4 Rxd1 30. Rxd1 exd4 31. Bxd4 Bc7 32. Bxg7 Bxf4 33.
Rd7 Bxh2 34. Kf5 Re8 35. Kg6 Bf4 36. Bd4 Be3 37. Be5 Bc5 38. Bf6 Re6 39. Rxb7
Bf8 40. Kf5 Re2 41. Rb6 Rf2+ 42. Kg6 Rg2+ 43. Kh5 Rh2+ 44. Kg4 h5+ 45. Kf3 Rf2+
46. Kxf2 Bc5+ 47. Kg3 Bxb6 48. Kh4 Kf7 49. Kg5 h4 50. Be5 Ke6 51. Bb8 Bf2 52.
Kg4 Kd5 53. b3 Ke4 54. b4 Kd3 55. a4 Kc4 56. Bd6 Be1 57. b5 cxb5 58. axb5 axb5
59. Kh3 Bf2 60. Ba3 Bc5 61. Bc1 b4 62. Kxh4 b3 63. Bb2 Kd3 64. Kg4 Kc2 65. Ba1
Bb4 0-1

[Event "CHAMPIONNAT DE BORDEAUX  2013"]
[Site "BORDEAUX"]
[Date "2013.05.10"]
[Round "5.3"]
[White "Schwarzberg, Christian"]
[Black "Favarel, Antoine"]
[Result "0-1"]
[WhiteElo "1830"]
[BlackElo "2370"]
[PlyCount "64"]

1. e4 c5 2. Nc3 Nc6 3. g3 g6 4. Bg2 Bg7 5. d3 d6 6. Be3 Rb8 7. Qd2 b5 8. Nge2
b4 9. Nd1 Qb6 10. O-O Nd4 11. c3 Nxe2+ 12. Qxe2 bxc3 13. bxc3 Nf6 14. Rc1 O-O
15. h3 Nd7 16. f4 Ba6 17. c4 Qa5 18. Qc2 Qa3 19. Bd2 Rb6 20. Bc3 Bd4+ 21. Bxd4
cxd4 22. e5 Nc5 23. Rb1 Rxb1 24. Qxb1 dxe5 25. fxe5 Qxd3 26. Qxd3 Nxd3 27. Nf2
Nxe5 28. Re1 f6 29. Bd5+ Kg7 30. Rd1 Rd8 31. Nd3 Nxd3 32. Rxd3 Rxd5 0-1

[Event "CHAMPIONNAT DE BORDEAUX  2013"]
[Site "BORDEAUX"]
[Date "2013.05.10"]
[Round "5.4"]
[White "Lapeyre, Pierre"]
[Black "Dubreuil, Remy"]
[Result "1-0"]
[WhiteElo "2033"]
[BlackElo "1829"]
[PlyCount "63"]

1. f4 Nh6 2. Nf3 d5 3. g3 g6 4. Bg2 Bg7 5. d3 c5 6. c3 Nc6 7. O-O Qb6 8. e4
dxe4 9. dxe4 O-O 10. Qe2 Bg4 11. h3 Bxf3 12. Rxf3 f5 13. e5 e6 14. Na3 Rad8 15.
Be3 Rfe8 16. Rff1 Bf8 17. Rfd1 Rxd1+ 18. Rxd1 Nf7 19. b4 a5 20. b5 Nb8 21. Rb1
Nd7 22. Nc4 Qa7 23. b6 Qa8 24. Qf3 Nd8 25. Qd1 Nb8 26. Nd6 Re7 27. Bxc5 Rd7 28.
Qb3 a4 29. Qc4 Qa6 30. Bf1 Qxc4 31. Bxc4 Na6 32. Bb5 1-0

[Event "CHAMPIONNAT DE BORDEAUX  2013"]
[Site "BORDEAUX"]
[Date "2013.05.10"]
[Round "5.2"]
[White "Favarel, Julien"]
[Black "Lacroix, Romain"]
[Result "1/2-1/2"]
[WhiteElo "2300"]
[BlackElo "2162"]
[PlyCount "104"]

1. d4 Nf6 2. c4 e6 3. Nc3 Bb4 4. e3 O-O 5. Nge2 d5 6. a3 Be7 7. cxd5 exd5 8.
Nf4 c6 9. Bd3 Re8 10. O-O Nbd7 11. f3 Nf8 12. Bc2 Ne6 13. e4 dxe4 14. Nxe6 fxe6
15. Nxe4 Nxe4 16. Bxe4 Bf6 17. Be3 e5 18. d5 cxd5 19. Qxd5+ Qxd5 20. Bxd5+ Kf8
21. b4 Bd8 22. Rfc1 Bb6 23. Bxb6 axb6 24. Be4 g6 25. Rc7 Re7 26. Rac1 Bf5 27.
Rxe7 Kxe7 28. Rc7+ Kf6 29. Bxf5 Kxf5 30. Rxh7 Rxa3 31. Rxb7 Kf4 32. Rf7+ Kg5
33. g3 Rb3 34. f4+ exf4 35. Rxf4 Rb2 36. Rd4 Kh6 37. h3 Kg7 38. h4 Kh6 39. Rg4
Kh7 40. Kf1 Kh6 41. Ke1 Kh7 42. Kd1 Kh6 43. Kc1 Rg2 44. Rg5 Kh7 45. Kd1 Rb2 46.
Rg4 Kh6 47. Kc1 Rg2 48. Rg5 Kh7 49. g4 Kh6 50. Kb1 Rh2 51. Rb5 Rxh4 52. g5+ Kh5
1/2-1/2

[Event "CHAMPIONNAT DE BORDEAUX  2013"]
[Site "BORDEAUX"]
[Date "2013.05.11"]
[Round "6.4"]
[White "Ternault, Mathieu"]
[Black "Mitjaville, Laurent"]
[Result "1/2-1/2"]
[WhiteElo "2161"]
[BlackElo "2014"]
[PlyCount "76"]

1. d4 Nf6 2. c4 e6 3. Nc3 Bb4 4. Qc2 d5 5. Bg5 h6 6. Bxf6 Qxf6 7. e3 O-O 8. Nf3
c5 9. a3 cxd4 10. axb4 dxc3 11. bxc3 dxc4 12. Bxc4 Bd7 13. O-O Rc8 14. Nd2 b5
15. Ne4 Qe5 16. Bd3 Bc6 17. Rfd1 Nd7 18. f4 Qc7 19. Nd6 Rd8 20. Nxb5 Bxb5 21.
Bxb5 Nf6 22. c4 Qb6 23. Qe2 Rxd1+ 24. Rxd1 Rd8 25. Rxd8+ Qxd8 26. Bc6 Qd6 27.
b5 a6 28. h3 axb5 29. cxb5 Qc5 30. Qd3 e5 31. fxe5 Qxe5 32. Qd8+ Kh7 33. Qd3+
Kg8 34. Qd4 Qc7 35. Qc5 Qg3 36. b6 Ng4 37. hxg4 Qe1+ 38. Kh2 Qh4+ 1/2-1/2

[Event "CHAMPIONNAT DE BORDEAUX  2013"]
[Site "BORDEAUX"]
[Date "2013.05.11"]
[Round "6.2"]
[White "Goulesque, Camille"]
[Black "Favarel, Julien"]
[Result "0-1"]
[WhiteElo "1871"]
[BlackElo "2300"]
[PlyCount "54"]

1. e4 e5 2. Nf3 Nc6 3. Bb5 a6 4. Ba4 Nf6 5. d3 d6 6. h3 Be7 7. c3 O-O 8. O-O b5
9. Bc2 d5 10. a4 b4 11. Bg5 h6 12. Bh4 dxe4 13. dxe4 Be6 14. Qe2 Nh5 15. Bg3
Nxg3 16. fxg3 Qd6 17. Qe3 Qc5 18. Qxc5 Bxc5+ 19. Kh2 Rfd8 20. Nbd2 Rab8 21. Nb3
Ba7 22. Nfd2 Be3 23. Rad1 bxc3 24. bxc3 Kf8 25. g4 Ke7 26. Kg3 Bxd2 27. Nxd2
Rb2 0-1

[Event "CHAMPIONNAT DE BORDEAUX  2013"]
[Site "BORDEAUX"]
[Date "2013.05.11"]
[Round "6.3"]
[White "Lacroix, Romain"]
[Black "Lapeyre, Pierre"]
[Result "1-0"]
[WhiteElo "2162"]
[BlackElo "2033"]
[PlyCount "73"]

1. d4 Nf6 2. Nf3 e6 3. c4 b6 4. g3 Bb7 5. Bg2 Be7 6. O-O O-O 7. Nc3 Ne4 8. Qc2
Nxc3 9. Qxc3 c5 10. Rd1 d6 11. b3 Qc7 12. Bb2 Bf6 13. Qc2 Nd7 14. Rd2 Rfd8 15.
Rad1 Rac8 16. h4 h6 17. e4 cxd4 18. Nxd4 a6 19. Ne2 b5 20. Rxd6 bxc4 21. Bxf6
Nxf6 22. Rxd8+ Rxd8 23. Rxd8+ Qxd8 24. bxc4 Qa5 25. Bf3 Qe1+ 26. Kg2 g5 27.
hxg5 hxg5 28. g4 Kg7 29. Ng3 Bc6 30. Qb2 Kg6 31. Nh5 Nxh5 32. gxh5+ Kh7 33. Qf6
Bxe4 34. Qxf7+ Kh8 35. Qe8+ Kh7 36. Qd7+ Kh8 37. Qd4+ 1-0

[Event "CHAMPIONNAT DE BORDEAUX  2013"]
[Site "BORDEAUX"]
[Date "2013.05.11"]
[Round "6.1"]
[White "Favarel, Antoine"]
[Black "Quillien, Emmanuel"]
[Result "1/2-1/2"]
[WhiteElo "2370"]
[BlackElo "2161"]
[PlyCount "86"]
[EventDate "2013.??.??"]

1. c4 Nf6 2. g3 c6 3. Bg2 d5 4. Nf3 g6 5. cxd5 cxd5 6. d4 Bg7 7. Ne5 O-O 8. Nc3
e6 9. O-O Nfd7 10. f4 Nxe5 11. fxe5 Nc6 12. e4 dxe4 13. Be3 f6 14. Nxe4 fxe5
15. Rxf8+ Qxf8 16. dxe5 Bxe5 17. Qd3 Qd8 18. Qxd8+ Nxd8 19. Rd1 Nf7 20. b4 Rb8
21. b5 b6 22. Bd4 Bb7 23. Nf6+ Bxf6 24. Bxf6 Bxg2 25. Kxg2 Rb7 26. Rc1 h6 27.
h4 Rd7 28. Rc8+ Kh7 29. Rf8 h5 30. a4 g5 31. hxg5 Kg6 32. Rg8+ Kf5 33. Kh3 Ne5
34. Bxe5 Kxe5 35. Rf8 Rd4 36. Rf7 Rxa4 37. g6 Rg4 38. g7 Kd6 39. Rxa7 Kc5 40.
Re7 Kxb5 41. Rxe6 Rxg7 42. Re5+ Kc4 43. Rxh5 Kd4 1/2-1/2

[Event "CHAMPIONNAT DE BORDEAUX  2013"]
[Site "BORDEAUX"]
[Date "2013.05.10"]
[Round "5.1"]
[White "Quillien, Emmanuel"]
[Black "Ternault, Mathieu"]
[Result "1/2-1/2"]
[WhiteElo "2161"]
[BlackElo "2161"]
[PlyCount "108"]
[EventDate "2013.??.??"]

1. d4 d5 2. Bf4 c5 3. e3 Nc6 4. c3 Nf6 5. Nd2 Bf5 6. Qb3 Qb6 7. dxc5 Qxb3 8.
axb3 e5 9. Bg3 Bxc5 10. Ngf3 Nd7 11. b4 Bd6 12. Bb5 O-O 13. O-O f6 14. Nh4 Be6
15. f4 Bc7 16. Kh1 Bb6 17. Rae1 e4 18. f5 Bf7 19. Bd6 Rfc8 20. g4 Nde5 21. h3
a5 22. Bxc6 Nxc6 23. bxa5 Rxa5 24. Ng2 Ra2 25. Rb1 Na5 26. Bb4 Nc6 27. Bd6 Na5
28. Bb4 Be8 29. Bxa5 Rxa5 30. Nb3 Ra2 31. Nf4 Bc6 32. Rfe1 Kf7 33. Ne6 Rca8 34.
Kg2 Bb5 35. Nf4 Bc6 36. Kf2 R8a3 37. Nc1 Ra1 38. Nce2 Rxb1 39. Rxb1 Ra2 40. Nc1
Ra4 41. Nb3 Ra2 42. Nc1 Ra6 43. Nfe2 Ke7 44. Nb3 Ra2 45. Nec1 Ra6 46. Ra1 Rxa1
47. Nxa1 g6 48. Nab3 g5 49. Ne2 Bd7 50. Ng3 Bc7 51. Nd4 Kd6 52. b4 Bd8 53. Ke2
Ke5 54. Kd2 Kd6 1/2-1/2

[Event "CHAMPIONNAT DE BORDEAUX  2013"]
[Site "BORDEAUX"]
[Date "2013.05.11"]
[Round "7.1"]
[White "Quillien, Emmanuel"]
[Black "Lacroix, Romain"]
[Result "1/2-1/2"]
[WhiteElo "2161"]
[BlackElo "2162"]
[PlyCount "48"]
[EventDate "2013.??.??"]

1. d4 d5 2. Bf4 c5 3. e3 Nf6 4. Nc3 a6 5. dxc5 Qa5 6. Bxb8 Rxb8 7. Qd4 g6 8.
Bd3 Bg7 9. Qa4+ Qxa4 10. Nxa4 Bd7 11. Nb6 Bc6 12. Ne2 Nd7 13. Nxd7 Kxd7 14. c3
a5 15. O-O-O e6 16. h4 Bf8 17. h5 Bxc5 18. Nd4 Ke7 19. Nxc6+ bxc6 20. Rh4 g5
21. Ra4 Ra8 22. g4 h6 23. a3 Bd6 24. Kc2 Rhb8 1/2-1/2

[Event "CHAMPIONNAT DE BORDEAUX  2013"]
[Site "BORDEAUX"]
[Date "2013.05.09"]
[Round "4.1"]
[White "Goulesque, Camille"]
[Black "Quillien, Emmanuel"]
[Result "0-1"]
[WhiteElo "1871"]
[BlackElo "2161"]
[PlyCount "28"]
[EventDate "2013.??.??"]

1. e4 e5 2. f4 d5 3. exd5 exf4 4. Nf3 Nf6 5. Nc3 Nxd5 6. Bc4 Be6 7. Qe2 Be7 8.
h4 Nc6 9. d4 O-O 10. O-O Re8 11. Bb5 Bxh4 12. Bxc6 bxc6 13. Ne5 Bg3 14. Qh5 Nb4
0-1

[Event "CHAMPIONNAT DE BORDEAUX  2013"]
[Site "BORDEAUX"]
[Date "2013.05.09"]
[Round "3.1"]
[White "Lapeyre, Pierre"]
[Black "Favarel, Antoine"]
[Result "0-1"]
[WhiteElo "2033"]
[BlackElo "2370"]
[PlyCount "110"]
[EventDate "2013.??.??"]

1. f4 d5 2. Nf3 Nf6 3. g3 c6 4. Bg2 Qb6 5. d3 g6 6. Nc3 Bg7 7. e3 Bg4 8. O-O
Nbd7 9. h3 Bxf3 10. Bxf3 e5 11. Kg2 O-O 12. g4 exf4 13. exf4 d4 14. Ne4 Nd5 15.
Ng3 Rfe8 16. Bxd5 cxd5 17. b3 Rac8 18. Bd2 Rc6 19. f5 Qc7 20. Rc1 Rc8 21. fxg6
hxg6 22. Rf2 Be5 23. Nf1 Nf8 24. Qf3 Qd7 25. Bf4 Bg7 26. Nh2 Ne6 27. g5 Nxf4+
28. Qxf4 Qc7 29. Qxc7 R6xc7 30. Ng4 Rc3 31. Re1 Kf8 32. Ree2 b5 33. Kg3 b4 34.
Kf4 R3c6 35. Ne5 Re6 36. h4 Rc7 37. Ng4 Ra6 38. Rh2 Rxa2 39. h5 gxh5 40. Nf6
Bxf6 41. gxf6 Rc6 42. Kg5 Ra1 43. Ref2 Rg1+ 44. Kf5 Rg6 45. Ke5 Rg5+ 46. Kf4
Rg4+ 47. Ke5 h4 48. Kf5 Rg6 49. Ke5 Rh6 50. Rf3 a5 51. Rf5 h3 52. Kxd4 Rcxf6
53. Rxd5 Rfg6 54. Rf5 Rg2 55. Rf2 Rxf2 0-1

[Event "CHAMPIONNAT DE BORDEAUX  2013"]
[Site "BORDEAUX"]
[Date "2013.05.08"]
[Round "2.1"]
[White "Favarel, Antoine"]
[Black "Coant, Jean-Francois"]
[Result "1-0"]
[WhiteElo "2370"]
[BlackElo "1812"]
[PlyCount "67"]
[EventDate "2013.??.??"]

1. d4 Nf6 2. c4 e6 3. g3 d5 4. Nf3 Nbd7 5. Bg2 Bb4+ 6. Bd2 Bxd2+ 7. Qxd2 Ne4 8.
Qc2 O-O 9. O-O b6 10. cxd5 exd5 11. Nc3 Bb7 12. Rfd1 Re8 13. e3 Rc8 14. Rac1
Ndf6 15. Bh3 Ra8 16. Nxe4 dxe4 17. Qxc7 Bd5 18. Qxd8 Rexd8 19. Nd2 g5 20. a3 g4
21. Bf1 Rdc8 22. Ba6 Rxc1 23. Rxc1 Ne8 24. h3 gxh3 25. Bf1 h2+ 26. Kxh2 a5 27.
g4 h6 28. Kg3 Nf6 29. Be2 Re8 30. Rc7 Ba8 31. Nc4 Nd5 32. Ra7 Kg7 33. Ne5 Rf8
34. Bc4 1-0

[Event "CHAMPIONNAT DE BORDEAUX  2013"]
[Site "BORDEAUX"]
[Date "2013.05.11"]
[Round "7.3"]
[White "Lagunes, Jean-Renaud"]
[Black "Favarel, Antoine"]
[Result "1-0"]
[WhiteElo "2009"]
[BlackElo "2370"]
[PlyCount "87"]

1. e4 c5 2. Nf3 Nc6 3. Bb5 d6 4. c3 Nf6 5. Qe2 Bd7 6. O-O a6 7. Bxc6 Bxc6 8. e5
dxe5 9. Nxe5 Qd5 10. Nxc6 Qxc6 11. a4 e6 12. Na3 Be7 13. a5 O-O 14. d3 Nd5 15.
Nc4 Bf6 16. Qg4 Rad8 17. h4 Ne7 18. Bg5 Bxg5 19. Qxg5 Qc7 20. Rad1 Rd5 21. Qg4
Rfd8 22. h5 h6 23. Rde1 Nc6 24. f4 Rxd3 25. f5 Rg3 26. Qh4 exf5 27. Rxf5 f6 28.
Rxc5 Rgd3 29. Qe4 Rd1 30. Rxd1 Rxd1+ 31. Kf2 Qd7 32. b4 Rd3 33. Ne3 Rd2+ 34.
Ke1 Rd6 35. Rd5 Rxd5 36. Qxd5+ Qxd5 37. Nxd5 Kf7 38. Nf4 f5 39. Nd3 Kf6 40. Nc5
Nd8 41. b5 Kg5 42. Nxb7 Ne6 43. b6 Kxh5 44. Nd6 1-0

[Event "CHAMPIONNAT DE BORDEAUX  2013"]
[Site "BORDEAUX"]
[Date "2013.05.11"]
[Round "7.5"]
[White "Gelos, Guillaume"]
[Black "Goulesque, Camille"]
[Result "0-1"]
[WhiteElo "1795"]
[BlackElo "1871"]
[PlyCount "71"]

1. d4 g6 2. Nf3 Nf6 3. g3 Bg7 4. Bg2 O-O 5. O-O d6 6. c4 Nc6 7. Nc3 a6 8. Nd2
Nxd4 9. e4 c5 10. Nb3 e5 11. Bg5 h6 12. Bxf6 Bxf6 13. Nd5 Bg7 14. Nxd4 exd4 15.
f4 Be6 16. Rb1 Bxd5 17. exd5 b5 18. b3 Re8 19. Re1 Qa5 20. Re2 Re3 21. Qe1
Qxe1+ 22. Rbxe1 Rae8 23. Rxe3 dxe3 24. Kf1 Bc3 25. Re2 bxc4 26. bxc4 Bd2 27. g4
Rb8 28. Be4 Rb2 29. Kg2 Rxa2 30. Kf3 Ra1 31. f5 g5 32. Bc2 a5 33. Ke4 a4 34.
Bxa4 Rxa4 35. Kd3 Ra3+ 36. Ke4 0-1

[Event "CHAMPIONNAT DE BORDEAUX  2013"]
[Site "BORDEAUX"]
[Date "2013.05.11"]
[Round "7.2"]
[White "Favarel, Julien"]
[Black "Mitjaville, Laurent"]
[Result "1-0"]
[WhiteElo "2300"]
[BlackElo "2014"]
[PlyCount "59"]
[EventDate "2013.??.??"]

1. d4 Nf6 2. c4 e6 3. Nc3 Bb4 4. e3 c5 5. Nge2 d5 6. a3 cxd4 7. axb4 dxc3 8.
Nxc3 O-O 9. cxd5 Nxd5 10. Nxd5 Qxd5 11. Qxd5 exd5 12. Be2 Be6 13. O-O Nc6 14.
Bd2 Rfd8 15. b5 Ne5 16. Bc3 Nc4 17. Rfd1 f6 18. b3 Nd6 19. Bd4 b6 20. Rdc1 Bd7
21. Bf3 Ne4 22. Rc7 Bxb5 23. Raxa7 Rxa7 24. Rxa7 Rb8 25. Bg4 Nd6 26. Be6+ Kf8
27. Bxd5 Be8 28. Bc3 Bb5 29. Bb4 Rd8 30. Ra8 1-0

[Event "CHAMPIONNAT DE BORDEAUX  2013"]
[Site "BORDEAUX"]
[Date "2013.05.12"]
[Round "8.5"]
[White "Favarel, Antoine"]
[Black "Dubreuil, Remy"]
[Result "1-0"]
[WhiteElo "2370"]
[BlackElo "1829"]
[PlyCount "67"]

1. d4 Nf6 2. c4 e6 3. g3 d5 4. Nf3 Bb4+ 5. Bd2 Be7 6. Bg2 O-O 7. O-O c6 8. Qc2
Nbd7 9. Bf4 Nh5 10. Bc1 Nhf6 11. Nbd2 Nb6 12. b3 a5 13. a3 Bd7 14. Bb2 a4 15.
b4 Nc8 16. c5 b5 17. cxb6 Nxb6 18. Ne5 Rc8 19. e4 Be8 20. Rac1 h6 21. f3 Qc7
22. Nd3 Qa7 23. e5 Nh7 24. f4 g6 25. g4 Kh8 26. Kh1 Bd7 27. Nc5 Rg8 28. Rg1
Rgf8 29. Bf3 Bh4 30. Rg2 Rg8 31. Be2 Be8 32. Bd3 Qe7 33. Rcg1 Bd7 34. Nf3 1-0

[Event "CHAMPIONNAT DE BORDEAUX  2013"]
[Site "BORDEAUX"]
[Date "2013.05.12"]
[Round "8.4"]
[White "Goulesque, Camille"]
[Black "Schwarzberg, Christian"]
[Result "1/2-1/2"]
[WhiteElo "1871"]
[BlackElo "1830"]
[PlyCount "104"]

1. e4 e5 2. Nf3 Nc6 3. Bb5 a6 4. Ba4 Nf6 5. d3 d6 6. c3 Bg4 7. O-O Be7 8. Nbd2
O-O 9. Re1 b5 10. Bb3 Na5 11. Bc2 c5 12. Nf1 Re8 13. Ng3 Qc7 14. h3 Be6 15. Ng5
Bd7 16. Nh5 h6 17. Nxf6+ Bxf6 18. Nf3 Be6 19. Nh2 Qe7 20. Qh5 Bg5 21. Bxg5 Qxg5
22. Qxg5 hxg5 23. Nf1 Nc6 24. Ne3 Rab8 25. Bb3 c4 26. dxc4 Na5 27. cxb5 Nxb3
28. axb3 Bxb3 29. bxa6 Re7 30. Ra3 Ra7 31. Rea1 Rb6 32. Kf1 g6 33. Ke1 f5 34.
exf5 gxf5 35. Nxf5 Be6 36. Ne7+ Kf7 37. Nc6 Rxc6 38. b4 Bc4 39. Kd2 Rcxa6 40.
Rxa6 Rxa6 41. Rxa6 Bxa6 42. g3 Bc8 43. h4 gxh4 44. gxh4 Ba6 45. Ke3 Kg6 46. f4
exf4+ 47. Kxf4 Kh5 48. Kf5 Bc4 49. Kf6 Kxh4 50. Ke7 d5 51. Kd6 Kg4 52. b5 Bxb5
1/2-1/2

[Event "CHAMPIONNAT DE BORDEAUX  2013"]
[Site "BORDEAUX"]
[Date "2013.05.12"]
[Round "8.2"]
[White "Ternault, Mathieu"]
[Black "Lagunes, Jean-Renaud"]
[Result "1-0"]
[WhiteElo "2161"]
[BlackElo "2009"]
[PlyCount "45"]

1. d4 d5 2. c4 c6 3. Nf3 Nf6 4. Nc3 e6 5. e3 Nbd7 6. Qc2 h6 7. Bd2 Bd6 8. g4
Nxg4 9. Rg1 Nxh2 10. Nxh2 Bxh2 11. Rxg7 Qh4 12. O-O-O Nf6 13. f3 Bg3 14. Ne2
Bf2 15. Nf4 Kf8 16. Ng6+ Kxg7 17. Nxh4 Bxh4 18. Bd3 Ne8 19. Bb4 f5 20. Rg1+ Kh7
21. Qg2 Bg5 22. f4 Rg8 23. Be7 1-0

[Event "CHAMPIONNAT DE BORDEAUX  2013"]
[Site "BORDEAUX"]
[Date "2013.05.12"]
[Round "8.3"]
[White "Lacroix, Romain"]
[Black "Coant, Jean-Francois"]
[Result "1-0"]
[WhiteElo "2162"]
[BlackElo "1812"]
[PlyCount "89"]

1. d4 Nf6 2. Nf3 d5 3. c4 e6 4. g3 dxc4 5. Bg2 Nc6 6. O-O Be7 7. Qa4 O-O 8.
Qxc4 Qd5 9. Qa4 Ne4 10. Nc3 Nxc3 11. bxc3 b5 12. Qc2 Bb7 13. e4 Qh5 14. a4 a6
15. Rb1 Rfd8 16. Be3 Rab8 17. c4 Nb4 18. Rxb4 Bxb4 19. Rb1 c5 20. cxb5 Rdc8 21.
dxc5 Bxc5 22. Bxc5 Rxc5 23. Qe2 axb5 24. axb5 Rbc8 25. Qd3 Rc3 26. Qe2 Rc1+ 27.
Rxc1 Rxc1+ 28. Bf1 f5 29. Qd2 Rc8 30. Ne5 fxe4 31. Qd6 Qe8 32. Bc4 Bd5 33. Bxd5
exd5 34. Qxd5+ Kf8 35. Qxe4 Rc1+ 36. Kg2 Rc5 37. f4 Kg8 38. b6 Rb5 39. Qd4 Qa8+
40. Kh3 Qc8+ 41. g4 Rb3+ 42. Kh4 Rb1 43. Qd5+ Kh8 44. Nf7+ Kg8 45. Nd6+ 1-0